Pascual Bailón (Record no. 162680)

MARC details
000 -LEADER
campo de control de longitud fija 01063nam a22002055i 4500
001 - NÚMERO DE CONTROL
campo de control 162680
003 - IDENTIFICADOR DE NÚMERO DE CONTROL
campo de control ES-MaACL
005 - FECHA Y HORA DE LA ÚLTIMA TRANSACCIÓN
campo de control 20230906212559.0
008 - DATOS DE LONGITUD FIJA--INFORMACIÓN GENERAL
campo de control de longitud fija 000119s1880 sp |||| | spa d
040 ## - FUENTE DE CATALOGACIÓN
Centro catalogador/agencia de origen CAM
Lengua de catalogación spa
Centro/agencia transcriptor CAM
100 1# - ENTRADA PRINCIPAL--NOMBRE DE PERSONA
Nombre de persona Puente y Brañas, Ricardo.
9 (RLIN) 94166
245 10 - MENCIÓN DEL TÍTULO
Título Pascual Bailón
Resto del título : zarzuela en un acto y en verso /
Mención de responsabilidad, etc. original de Ricardo Puente y Brañas ; música de Guillermo Cereceda.
250 ## - MENCION DE EDICION
Mención de edición 4ª ed.
260 ## - PUBLICACIÓN, DISTRIBUCIÓN, ETC.
Lugar de publicación, distribución, etc. Madrid :
Nombre del editor, distribuidor, etc. [s.n.],
Fecha de publicación, distribución, etc. 1880 (
Fabricante Imprenta de José Rodriguez)
300 ## - DESCRIPCIÓN FÍSICA
Extensión 35 p. ;
Dimensiones 20 cm.
500 ## - NOTA GENERAL
Nota general En port.: Representada por primera vez en el teatro del Circo, la noche del 15 de octubre de 1868.
596 ## - NOTA AL PIE DE IMPRENTA
NOTA AL PIE DE IMPRENTA En verso de port. consta: "... de la Galería Lírico-Dramática titulada El Teatro, de dichos Sres. Hijos de A. Gullón ..."
700 1# - ENTRADA AGREGADA--NOMBRE PERSONAL
Nombre de persona Cereceda, Guillermo (
Fechas asociadas al nombre 1844-1919)
9 (RLIN) 126419
852 ## - LOCALIZACIÓN
Ubicación ES-MaACL
Número de control de estantería F-8581(7)
Nota libre -- Enc. pasta española.
condición física -- Falto de la cub. original
Nota libre -- Enc. con otras obras formando un vol. facticio formando parte de la col. facticia "Teatro español moderno", vol. 34
Holdings
Estatus retirado Estado de pérdida Estado de daño No para préstamo Colección Biblioteca de origen Biblioteca actual Ubicación en estantería Fecha de adquisición Total de préstamos Signatura topográfica completa Código de barras Visto por última vez Precio de reemplazo Tipo de ítem Koha
        Libros del s. XIX Biblioteca del Ateneo de Madrid Biblioteca del Ateneo de Madrid Sala Pecera Planta 2 17/01/2008   F-8581(7) 1170435 23/02/2023 23/02/2023 Libro impreso antiguo